Kolektívne investovanie a typológia investorov bakalárska práca

Saved in:
Bibliographic Details
Main Author: Blahušiak, Miroslav
Corporate Author: Fakulta podnikového manažmentu EU. Katedra podnikových financií
Other Authors: Škriniar, Pavel, 1979-
Format: Book
Language:Slovak
Published: Bratislava 2011
Tags: Add Tag
No Tags, Be the first to tag this record!

MARC

LEADER 00000nbm a2200000 4500
001 0131225
005 20161109111416.6
041 0 |a slo 
044 |a SK 
245 1 0 |a Kolektívne investovanie a typológia investorov  |b bakalárska práca  |c Miroslav Blahušiak ; školiteľ: Pavel Škriniar 
264 1 |a Bratislava  |c 2011 
300 |a 57 s. 
100 1 |a Blahušiak, Miroslav 
700 1 |a Škriniar, Pavel, 1979- 
710 2 |a Fakulta podnikového manažmentu EU. Katedra podnikových financií